Loading...
| Current Events | 2 | 15.00 | 100% | 50% | 0% |
| Fine Arts - Classical Music | 9 | 14.44 | 89% | 56% | 0% |
| Fine Arts - Other Fine Arts | 7 | 15.71 | 71% | 57% | 29% |
| Fine Arts - Painting and Sculpture | 6 | 23.33 | 100% | 83% | 50% |
| Geography | 2 | 15.00 | 100% | 50% | 0% |
| History - American History | 5 | 14.00 | 100% | 40% | 0% |
| History - European History | 8 | 16.25 | 100% | 50% | 13% |
| History - Other History | 6 | 13.33 | 100% | 33% | 0% |
| History - World History | 7 | 10.00 | 86% | 14% | 0% |
| Literature - American Literature | 7 | 12.86 | 100% | 29% | 0% |
| Literature - British Literature | 7 | 15.71 | 86% | 57% | 14% |
| Literature - European Literature | 6 | 15.00 | 100% | 50% | 0% |
| Literature - World Literature | 10 | 19.00 | 90% | 80% | 20% |
| Mythology | 8 | 22.50 | 100% | 75% | 50% |
| Other Academic | 1 | 20.00 | 100% | 100% | 0% |
| Philosophy | 1 | 10.00 | 100% | 0% | 0% |
| Pop Culture | 1 | 20.00 | 100% | 100% | 0% |
| Religion | 6 | 10.00 | 67% | 33% | 0% |
| Science - Biology | 8 | 26.25 | 175% | 88% | 0% |
| Science - Chemistry | 6 | 16.67 | 83% | 83% | 0% |
| Science - Other Science | 3 | 13.33 | 67% | 33% | 33% |
| Science - Physics | 7 | 18.57 | 100% | 71% | 14% |
| Social Science | 6 | 23.33 | 100% | 83% | 50% |